|
|
|
|
| LEADER |
01328nam a22002775a 4500 |
| 001 |
66507 |
| 003 |
GR-PaULI |
| 005 |
20231215110919.0 |
| 008 |
941011s2009 gr 000 0 fre |
| 952 |
|
|
|0 0
|1 0
|2 ddc
|3 τ.1
|4 0
|6 738_820000000000000_938_HUY
|7 0
|9 232490
|a LISP
|b LISP
|c BSC
|d 2019-05-31
|i 140903
|l 0
|o 738.820 938 HUY
|p 025000262905
|r 2019-05-31 00:00:00
|t 1
|v 2019.00
|w 2019-05-31
|y BK15
|
| 999 |
|
|
|c 141195
|d 141195
|
| 020 |
|
|
|a 2869582095 (τ.1)
|c
|
| 040 |
|
|
|a DLC
|c GR-PaULI
|b gre
|e AACR2
|
| 082 |
|
|
|2 23
|a 738.820 938
|
| 100 |
1 |
|
|a Huysecom-Haxhi, Stéphanie
|9 175833
|e συγγραφέας.
|
| 245 |
1 |
4 |
|a Les figurines en terre cuite de l'Artemision de Thasos :
|b artisanat et piete populaire a l'epoque de l'archaisme mur et recent /
|c par Stephanie Huysecom-Haxhi.
|
| 260 |
|
|
|a Athenes :
|b École française d ́Athènes,
|c 2009.
|
| 300 |
|
|
|a 2 τ. :
|b εικ. ;
|c 30 εκ.
|
| 490 |
1 |
|
|a Études thasiennes
|v 21.
|
| 500 |
|
|
|a τ. 1. - xx, 655 σ. -- τ. 2. - 183 σ.
|
| 504 |
|
|
|a Περιλαμβάνει βιβλιογραφικές παραπομπές και ευρετήριο.
|
| 505 |
|
|
|a τ. 1. Texte -- τ. 2. Planches.
|
| 650 |
|
4 |
|9 175835
|a Κεραμική
|z Ελλάδα
|z Καβάλα (Νομός)
|z Θάσος
|
| 830 |
|
0 |
|a Études thasiennes
|v 21.
|9 175834
|
| 942 |
|
|
|2 ddc
|c BK15
|
| 998 |
|
|
|c ΜΠΟΥΡΑΣ
|d 2019-05
|